000 00782nam0a22002291 4500
001 rc\970575
005 20250622062353.0
035 _a(NLR Aleph) 006139561
090 _a5647240
_c5647240
100 _a20041129d1982 |||y0rusy50 ca
101 0 _arus
102 _aRU
105 _ay |||||||||
200 1 _aПо секрету - вслух
_eКомедия в 3 д.
_fПедро Кальдерон де ла Барка
_gПер. с исп. Михаила Донского
_gОтв. ред. С. Терешин
210 _aМ.
_cВААП-Информ
_d1982
215 _a158 л.
_d30
700 1 _aКальдерон де ла Барка
_bП.
_f1600-1681
_gПедро
801 0 _aRU
_bNLR
_gpsbo
801 1 _aRU
_bELAR
_2rusmarc
852 _aNLR
_j82-8/983
942 _cBOOK
980 _aNB